000 00462nam a2200193Ia 4500
005 20250603145038.0
008 250603s9999 xx 000 0 und d
020 _a9788190366489
050 _aKN 261 .D2/
100 _aDavies, Paul L.
245 0 _aGower and Davies’ principles of modern company law
250 _a8th ed.
260 _aLondon
260 _bSweet & Maxwell.
260 _c2008
300 _a1258 p
650 _aLondon
942 _cBK
999 _c40711
_d40711